[Event "Tata Steel-A 82nd"]
[Site "Wijk aan Zee"]
[Date "2020.01.17"]
[Round "6"]
[White "Carlsen, Magnus"]
[Black "Caruana, Fabiano"]
[Result "1/2-1/2"]
[WhiteElo "2872"]
[BlackElo "2822"]
[PlyCount "55"]
[EventDate "2020.01.11"]
[EventType "tourn"]
[EventRounds "13"]
[EventCountry "NED"]
[EventCategory "20"]
[SourceTitle "CBM 194"]
[Source "ChessBase"]
[SourceDate "2020.01.27"]
[SourceVersion "1"]
[SourceVersionDate "2020.01.27"]
[SourceQuality "1"]

1. d4 Nf6 2. c4 e6 3. Nf3 d5 4. Nc3 Be7 5. Bg5 h6 6. Bh4 dxc4 7. e3 c5 8. Bxc4 cxd4 9. Nxd4 Bd7 10. O-O O-O 11. Rc1 Nc6 12. Nb3 Rc8 13. Be2 Nd5 14. Bg3 Nxc3 15. Rxc3 Nb4 16. Rxc8 Qxc8 17. Bd6 $146 ({RR} 17. a3 Nc6 18. Qc2 e5 19. Qc3 Be6 20. Rc1 Qd8 21. Nc5 Bxc5 22. Qxc5 Qd2 23. Qc2 Rd8 24. Kf1 Bb3 25. Qc3 e4 26. f3 exf3 27. gxf3 Qxc3 28. Rxc3 Bd1 29. b4 a6 30. Bxa6 bxa6 31. Rxc6 Ba4 {Dorfman,J (2580)-Van der Sterren,P (2490) Brussels 1993 ½-½ (47)}) 17... Nd5 18. Bxe7 Nxe7 19. Qd6 Nf5 20. Qa3 Qb8 21. e4 Qe5 22. exf5 Qxe2 23. Nd4 Qe5 24. fxe6 Qxd4 25. exd7 Rd8 26. g3 Rxd7 27. Re1 Kh7 28. Qf3 1/2-1/2

[Event "Tata Steel-A 82nd"]
[Site "Wijk aan Zee"]
[Date "2020.01.22"]
[Round "10"]
[White "Carlsen, Magnus"]
[Black "Kovalev, Vladislav"]
[Result "1-0"]
[WhiteElo "2872"]
[BlackElo "2660"]
[PlyCount "73"]
[EventDate "2020.01.11"]
[EventType "tourn"]
[EventRounds "13"]
[EventCountry "NED"]
[EventCategory "20"]
[SourceTitle "CBM 194"]
[Source "ChessBase"]
[SourceDate "2020.01.27"]
[SourceVersion "1"]
[SourceVersionDate "2020.01.27"]
[SourceQuality "1"]

1. d4 Nf6 2. c4 e6 3. Nf3 d5 4. Nc3 Be7 5. Bg5 O-O 6. e3 h6 7. Bf4 c5 8. dxc5 Bxc5 9. a3 Nc6 10. Qc2 Nh5 ({RR} 10... Qa5 11. O-O-O Ne4 12. cxd5 Nxc3 13. Qxc3 Qxc3+ 14. bxc3 Bxa3+ 15. Kc2 exd5 16. Rxd5 Be6 17. Rb5 b6 18. Nd4 Nxd4+ 19. cxd4 Rac8+ 20. Kd2 Rc1 21. d5 Bf5 22. Rb3 Rc2+ 23. Kd1 Ra2 24. Rc3 Bb4 25. Rc4 {Mamedyarov,S (2764)-Dominguez Perez,L (2758) Chess.com INT 2020 0-1 (37)}) ({RR} 10... Qa5 11. O-O-O dxc4 12. Bxc4 a6 13. Nd2 b5 14. Nb3 Qb6 15. Nxc5 Qxc5 16. Bb3 Ne5 17. Nd5 Qxc2+ 18. Bxc2 Nxd5 19. Bxe5 Bb7 20. e4 Nf6 21. f3 Rfd8 22. Rxd8+ Rxd8 23. Rd1 Rxd1+ 24. Kxd1 Kf8 25. Kd2 {Bryakin,M (2444)-Oliinyk,S (2252) Paracin SRB 2025 1-0 (49)}) 11. Bg3 dxc4 $146 ({RR} 11... d4 12. O-O-O Nxg3 13. hxg3 e5 14. Ne4 Be7 15. exd4 exd4 16. c5 Bf5 17. Nf6+ Bxf6 18. Qxf5 Qc8 19. Bd3 {½-½ (19) Polgar,I-Foldi,J Budapest 1965}) 12. Bxc4 Be7 13. Ba2 a6 14. Rd1 Qa5 15. Bb1 f5 16. O-O Nxg3 17. hxg3 Bf6 18. e4 Bxc3 19. bxc3 Qxa3 20. exf5 exf5 21. Rfe1 Qa5 22. g4 Qc7 23. Nh4 g5 24. Nxf5 Bxf5 25. gxf5 Rf6 26. Re6 Raf8 27. Rxf6 Rxf6 28. Ba2+ Kf8 29. Qd3 Ne5 30. Qe4 Rd6 31. Qb4 Ke7 32. f6+ Kd7 33. Re1 Rxf6 34. Qd4+ Qd6 35. Qxe5 Qxe5 36. Rxe5 Rc6 37. Re3 1-0

[Event "Tata Steel-A 82nd"]
[Site "Wijk aan Zee"]
[Date "2020.01.25"]
[Round "12"]
[White "Carlsen, Magnus"]
[Black "Artemiev, Vladislav"]
[Result "1/2-1/2"]
[WhiteElo "2872"]
[BlackElo "2731"]
[PlyCount "73"]
[EventDate "2020.01.11"]
[EventType "tourn"]
[EventRounds "13"]
[EventCountry "NED"]
[EventCategory "20"]
[SourceTitle "CBM 194"]
[Source "ChessBase"]
[SourceDate "2020.01.27"]
[SourceVersion "1"]
[SourceVersionDate "2020.01.27"]
[SourceQuality "1"]

1. d4 Nf6 2. c4 g6 3. Nc3 d5 4. cxd5 Nxd5 5. e4 Nxc3 6. bxc3 Bg7 7. Be3 c5 8. Rc1 Qa5 9. Qd2 O-O 10. Nf3 Rd8 11. Be2 cxd4 ({RR} 11... b6 12. d5 e6 13. O-O exd5 14. exd5 Ba6 15. Rfd1 Bxc3 16. Qc2 Bxe2 17. Qxe2 Nd7 18. d6 Bf6 19. Ng5 Qa4 20. Qf3 Re8 21. Nxh7 Kxh7 22. Qh3+ Kg8 {0-1 (22) Vidit,S (2726)-Svidler,P (2723) chess24.com INT 2020}) ({RR} 11... Nc6 12. d5 e6 13. c4 Nb4 14. a3 Qxa3 15. Bxc5 a5 16. O-O exd5 17. cxd5 Bg4 18. h3 Bxf3 19. Bxf3 Rac8 20. Rfd1 Bb2 21. Rb1 Bc3 22. Qe3 Bb2 23. Rxb2 Rxc5 24. Qxa3 {1-0 (24) Filindash,N (2067)-Leenhouts,K (2454) chess.com INT 2024}) 12. cxd4 Qxd2+ 13. Bxd2 Na6 14. Be3 $146 ({RR} 14. d5 Bd7 15. O-O Rac8 16. Be3 Nb4 17. Rxc8 Bxc8 18. Bc4 b6 19. Rc1 Ba6 20. Bxa6 Nxa6 21. g4 f5 22. Ng5 fxe4 23. Ne6 Ra8 24. Rc4 Be5 25. Ra4 Nc7 26. Rxe4 Nxe6 27. dxe6 Bd6 28. Ra4 Bc5 {Sjugirov,S (2650)-Svidler,P (2765) St Petersburg 2017 ½-½ (35)}) 14... Bg4 15. Ne5 Bxe2 16. Kxe2 f5 17. Kf3 Rac8 18. h4 Nb4 19. exf5 gxf5 20. Rxc8 Rxc8 21. Rb1 a5 22. a3 Nd5 23. Rb5 e6 24. Rxa5 Bxe5 25. dxe5 Rc3 26. Ke2 Nxe3 27. fxe3 Rb3 28. Kf3 Kg7 29. g3 Kg6 30. a4 Rb4 31. Ra7 h6 32. Ra8 Re4 33. Ra5 Rb4 34. Ra7 Kh5 35. Ra8 Re4 36. Ra5 Rc4 37. Ra7 1/2-1/2

[Event "Legends of Chess Final"]
[Site "chess24.com INT"]
[Date "2020.08.03"]
[Round "2.12"]
[White "Carlsen, Magnus"]
[Black "Nepomniachtchi, Ian"]
[Result "1/2-1/2"]
[WhiteElo "2863"]
[BlackElo "2784"]
[PlyCount "72"]
[EventDate "2020.07.31"]
[EventType "k.o."]
[EventRounds "2"]
[EventCountry "GER"]
[SourceTitle "CBM 197"]
[Source "ChessBase"]
[SourceDate "2020.07.27"]
[SourceVersion "1"]
[SourceVersionDate "2020.07.27"]
[SourceQuality "1"]

1. d4 {Nielsen,Peter Heine} Nf6 2. c4 g6 3. Nc3 d5 4. cxd5 Nxd5 5. e4 Nxc3 6. bxc3 Bg7 7. Be3 c5 8. Rc1 Qa5 ({RR} 8... O-O 9. Nf3 Nd7 10. Be2 Qa5 11. O-O Qxa2 12. Nd2 Qa5 13. h4 b5 14. h5 Bb7 15. h6 Bh8 16. e5 Qc7 17. Bxb5 Bxg2 18. Kxg2 Qb7+ 19. Qf3 Qxb5 20. Rb1 Qa6 21. Ne4 cxd4 22. cxd4 f6 23. Ng5 {RR} fxg5 24. Qd5+ e6 25. Qxd7) 9. Qd2 O-O 10. Nf3 Bg4 11. d5 b5 ({RR} 11... Nd7 12. c4 Qa3 13. Be2 Bxf3 14. Bxf3 Bd4) 12. Be2 ({RR} 12. Bxc5 Bxf3 13. gxf3 Rc8 14. Bb4 ({RR} 14. Bd4 Bxd4 15. Qxd4 Nd7) 14... Qc7) ({RR} 12. Bxc5 Rc8 13. Bd4 Bxf3 14. Bxg7 Bxe4 15. Bh6 Qb6 16. f3 Bf5 17. g4 Bd7 18. h4 Be8 19. h5 f6 20. hxg6 Bxg6 21. Be3 Qd6 22. Bxb5 Nd7 23. Kf2 Rab8 24. Be2 Qa3 25. Bd4 Rb2 26. Qe3 Ne5 {Ding,L (2791)-Nepomniachtchi,I (2784) Chess.com INT 2020 1-0 (45)}) 12... Nd7 13. O-O Rac8 ({RR} 13... Bxf3 14. Bxf3 c4 15. Be2 ({RR} 15. h4) 15... Rfd8 ({RR} 15... Rad8 16. f4 Qa3 17. Bf3 Nc5 18. e5 f6) 16. f4 Nb6 ({RR} 16... Qa3 17. Bf3 Nc5 18. e5 f6 19. d6 Rac8 20. Bd5+ e6 21. f5) 17. Bf3 Qa3 18. h4 e6 ({RR} 18... b4 19. h5 Bxc3 20. Qf2 Bg7 21. hxg6 hxg6 22. Bg4 ({RR} 22. f5 Rf8 23. e5) 22... b3 23. f5 g5 24. f6 exf6 25. axb3 cxb3 26. Rc7) 19. h5 Na4 ({RR} 19... exd5 20. e5) 20. hxg6 hxg6 21. f5 exf5 ({RR} 21... Bxc3 22. Rxc3 Qxc3 23. Qf2 Qg7 24. fxe6 fxe6 25. Bg4) 22. exf5 Qd6 23. Bf4 Qb6+ 24. Kh1 gxf5 25. d6 Rab8 26. Bd5 Nc5 27. Bg3 Ne6 28. Rxf5 {Carlsen,M (2875)-Grischuk,A (2775) Stavanger 2019 CBM 191 [Nielsen,Peter Heine] 1-0 (34)}) 14. Rfd1 $146 ({RR} 14. h3 Bxf3 15. Bxf3 c4 16. Bg4 Rcd8 17. f4 Qa3 18. Bxd7 Rxd7 19. f5 gxf5 20. Rxf5 e6 21. Rg5 f6 22. Rg3 exd5 23. exd5 Qd6 24. Qf2 Qxd5 25. Bxa7 Qd2 26. Rb1 Qxf2+ 27. Bxf2 Ra8 28. Bd4 Kf7 {Bosiocic,M (2598)-Ragger,M (2669) Zagreb 2019 1-0 (65)}) ({RR} 14. h3 Bxf3 15. gxf3 c4 16. f4 Nc5 17. e5 Rfd8 18. Rfd1 Qc7 19. Bg4 Rb8 20. Bxc5 Qxc5 21. Bf3 Bh6 22. Qe3 Rbc8 23. Rd4 a6 24. Kg2 Qa3 25. Rc2 Qc5 26. h4 a5 27. h5 Rc7 28. Qe4 Qb6 {Drygalov,S (2560)-Mekhitarian,K (2564) chess.com INT 2025 1-0 (48)}) 14... Nb6 15. Bh6 Bxf3 16. gxf3 b4 17. Bxg7 Kxg7 18. cxb4 cxb4 19. Rc6 Rxc6 20. dxc6 Rc8 21. Rc1 Na4 22. Rc4 Nc3 23. Bf1 Qb6 24. a3 Rxc6 25. Rxc6 Qxc6 26. axb4 Nb5 27. Bxb5 Qxb5 28. Qd4+ e5 29. Qxa7 Qxb4 30. Qc7 Qd4 31. Qe7 h5 32. h4 Qc3 33. Kg2 Qd4 34. Kg1 Qc3 35. Kg2 Qd4 36. Kg1 Qc3 1/2-1/2

[Event "Legends of Chess Final"]
[Site "chess24.com INT"]
[Date "2020.08.03"]
[Round "2.14"]
[White "Carlsen, Magnus"]
[Black "Nepomniachtchi, Ian"]
[Result "1/2-1/2"]
[WhiteElo "2863"]
[BlackElo "2784"]
[PlyCount "75"]
[EventDate "2020.07.31"]
[EventType "k.o."]
[EventRounds "2"]
[EventCountry "GER"]
[SourceTitle "CBM 197"]
[Source "ChessBase"]
[SourceDate "2020.07.27"]
[SourceVersion "1"]
[SourceVersionDate "2020.07.27"]
[SourceQuality "1"]

1. d4 ({RR} 1. Nf3 g6 2. d4 Bg7 3. g3 Nf6 4. Bg2 O-O 5. O-O d5 6. c4 c6 7. cxd5 {½-½ (13) Ricken,K (2206)-Damen,J (2313) Belgium BEL 2024}) 1... Nf6 2. c4 g6 3. g3 c6 4. Bg2 d5 5. cxd5 cxd5 6. Nf3 Bg7 7. O-O O-O 8. Ne5 Ne4 9. Nd2 Nxd2 10. Bxd2 Nd7 11. Nxd7 Bxd7 12. e3 e6 13. Qb3 Qb6 $146 14. Qxb6 axb6 15. Rfc1 Rfc8 16. Rxc8+ Rxc8 17. Rc1 Rxc1+ 18. Bxc1 Bb5 19. Bd2 Bf8 20. Bf1 Bxf1 21. Kxf1 f5 22. a4 Kf7 23. f4 h5 24. h4 Ke8 25. b4 Kd7 26. b5 Be7 27. Ke2 Bf8 28. Kd3 Be7 29. Kc2 Bf8 30. Kb3 Be7 31. Bb4 Bd8 32. Bf8 Ke8 33. Bd6 Kd7 34. Bb4 Bc7 35. Ba3 Bd8 36. Bb4 Bc7 37. Ba3 Bd8 38. Bb4 1/2-1/2

[Event "Legends of Chess Final"]
[Site "chess24.com INT"]
[Date "2020.08.04"]
[Round "2.21"]
[White "Carlsen, Magnus"]
[Black "Nepomniachtchi, Ian"]
[Result "1-0"]
[WhiteElo "2863"]
[BlackElo "2784"]
[PlyCount "53"]
[EventDate "2020.07.31"]
[EventType "k.o."]
[EventRounds "2"]
[EventCountry "GER"]
[SourceTitle "CBM 197"]
[Source "ChessBase"]
[SourceDate "2020.07.27"]
[SourceVersion "1"]
[SourceVersionDate "2020.07.27"]
[SourceQuality "1"]

1. d4 Nf6 2. Nf3 g6 3. Bf4 Bg7 4. e3 O-O 5. Be2 d6 6. O-O Nh5 7. Bg5 h6 8. Bh4 g5 9. Nfd2 Nf6 10. Bg3 Nc6 ({RR} 10... Bf5 11. c4 c6 12. Nc3 d5 13. cxd5 cxd5 14. Qb3 Qd7 15. Bf3 e6 16. Rfc1 Nc6 17. a3 g4 18. Be2 Ne4 19. Ndxe4 dxe4 20. Na4 Na5 21. Qd1 b6 22. b4 Nc6 23. Bxg4 Bxg4 24. Qxg4 f5 25. Qh4 {Chemin,V (2134)-Andrade,I (2161) chess.com INT 2025 0-1 (38)}) 11. Nc3 ({RR} 11. c4 e5 12. d5 Ne7 13. Nc3 Nf5 14. Qc2 h5 15. Bd3 Nxg3 16. fxg3 Ng4 17. Rae1 Nh6 18. e4 g4 19. Nd1 c6 20. Ne3 Bd7 21. dxc6 bxc6 22. c5 dxc5 23. Bc4 Kh8 24. Nb3 Qe7 25. Nf5 Nxf5 {Tristan,L (2526)-Santos Latasa,J (2656) chess.com INT 2023 1-0 (53)}) 11... e5 12. dxe5 $146 ({RR} 12. Nb3 Qe7 13. Qd2 Bf5 14. Rae1 Ne4 15. Nxe4 Bxe4 16. c3 Bg6 17. Bc4 Kh7 18. e4 h5 19. f3 Bh6 20. Bf2 f6 21. Be3 Bf7 22. Bxf7 Qxf7 23. Qc2 Ne7 24. Nc1 Ng6 25. Qb3 Qxb3 26. Nxb3 f5 {Pantev,V (2419)-Danov,R (2248) Sunny Beach 2015 ½-½}) 12... Nxe5 13. f4 Neg4 14. Rf3 Re8 15. Nf1 Nh5 16. Be1 f5 17. Bc4+ Be6 18. Bxe6+ Rxe6 19. h3 Ngf6 20. fxg5 hxg5 21. Rxf5 Bh6 22. g4 Ng7 23. Rf3 Qd7 24. Ng3 Rae8 25. Bf2 Qc6 26. e4 Nd7 27. Nd5 1-0

[Event "Legends of Chess Final"]
[Site "chess24.com INT"]
[Date "2020.08.04"]
[Round "2.23"]
[White "Carlsen, Magnus"]
[Black "Nepomniachtchi, Ian"]
[Result "1/2-1/2"]
[WhiteElo "2863"]
[BlackElo "2784"]
[PlyCount "71"]
[EventDate "2020.07.31"]
[EventType "k.o."]
[EventRounds "2"]
[EventCountry "GER"]
[SourceTitle "CBM 197"]
[Source "ChessBase"]
[SourceDate "2020.07.27"]
[SourceVersion "1"]
[SourceVersionDate "2020.07.27"]
[SourceQuality "1"]

1. d4 d6 2. e4 g6 3. Nf3 Bg7 4. Be2 Nc6 5. O-O e5 6. dxe5 dxe5 7. Qxd8+ Nxd8 8. Nc3 ({RR} 8. Na3 Ne6 9. Be3 Ne7 10. Rad1 Bd7 11. Bc4 a6 12. Rd2 h6 13. Rfd1 Bc6 14. Bxe6 fxe6 15. Nc4 Bxe4 16. Rd7 Bd5 17. Rxc7 Bxc4 18. Rxc4 Nd5 19. Re4 O-O-O 20. Re1 Rhf8 21. Nxe5 g5 22. Nd3 Nf4 {Pourramezanali,A (2543)-Demuth,A (2538) Cap d'Agde 2017 1-0 (47)}) ({RR} 8. a4 Ne7 9. a5 a6 10. Nc3 h6 11. Rd1 Ne6 12. Nd5 Bd7 13. c3 Rd8 14. Nd2 Bc6 15. Nb4 Bd7 16. Nb3 O-O 17. Be3 Bc8 18. Nd5 Nxd5 19. exd5 Nf4 20. Bc4 g5 21. Rd2 Rfe8 22. Bc5 Ng6 {Kubik,R (2137)-Fargac,M (2407) Bohumin CZE 2025 0-1 (49)}) 8... Ne6 9. Bc4 $146 ({RR} 9. Be3 h6 10. Rfd1 Ne7 11. Nd5 c6 12. Nxe7 Kxe7 13. Bc4 b6 14. a4 Bb7 15. c3 Rhd8 16. b4 f5 17. exf5 gxf5 18. Nh4 Kf6 19. f3 Bf8 20. g4 f4 21. Bf2 Ng5 22. Kg2 c5 23. bxc5 bxc5 {Burton,G (2042)-Hutchinson,P (2228) Calvia 2009 0-1 (65)}) 9... c6 10. Ng5 Nd8 11. Rd1 Nh6 12. a4 f6 13. Nf3 Nhf7 14. a5 Be6 15. Be2 Bf8 16. Be3 Nd6 17. Nd2 N8f7 18. f3 Bh6 19. Bf2 Rd8 20. Nb3 Bxb3 21. cxb3 a6 22. Na4 Nc8 23. Nc5 Rxd1+ 24. Rxd1 Nfd6 25. Nxb7 Nxb7 26. Bxa6 Nbd6 27. Bxc8 Nxc8 28. a6 Rf8 29. a7 Nxa7 30. Bxa7 Rf7 31. Bc5 Rb7 32. b4 Bf8 33. Bxf8 Kxf8 34. Rd6 Ke7 35. Rxc6 Rxb4 36. Rc7+ 1/2-1/2